000
00207nam a2200109Ia 4500
100
_a
KROEBER/THEODRA.
942
_c
BK
245
_a
ISHI IN TWO WOLRDS.
260
_b
#N/A
546
_a
ENGLISH
999
_c
27874
_d
27874